Responses for show #7285 - Friday, April 22, 2016

Andrew Pau game 6.

Contestants

Michael Koh, a supervisory analyst from Irvine, California

Amy Hart, a latent print examiner originally from Chicago, Illinois

Andrew Pau, an assistant professor from Amherst, Ohio (whose 5-day cash winnings total $136,201)

Jeopardy! Round responses

CHILDREN'S BOOK TITLES
OVER-THE-COUNTER MEDICATIONS
CLASSICAL MUSIC
I GOT A 5-LETTER WORD FOR YA
YOUR FACE IS ON THE MONEY
FATHERLY TV
    $200 7
Meatballs

Amy
    $200 21
Alka-Seltzer

Michael
    $200 1
the New York Philharmonic

Andrew
    $200 15
a suite

Andrew
    $200 16
Mahatma Gandhi

Michael
    $200 30
Tyrion

Michael
    $400 8
the Pigeon

Amy
    $400 25
Visine

Michael
    $400 2
a violin

Andrew
    $400 14
pause

Amy
    $400 19
Leonard Nimoy

Andrew
    $400 29
Sanford and Son

Michael
    $600 9
Tollbooth

Amy
    $600 24
Zyrtec

Amy
    $600 3
concerto

Andrew
    $600 6
yodel

Amy
    $600 17
Chairman Mao

Michael
    $600 26
The Nanny

Amy
    $800 10
Bread and Jam

Triple Stumper
    $800 22
Pepto-Bismol

Michael
    $800 4
organ

Michael
    $800 12
usurp

Michael
    $800 18
Ayatollah Khomeini

Andrew
    $800 27
Leave It to Beaver

Michael
    $1000 11
Ducklings

Michael
    $1000 23
Robitussin

Andrew
    $1000 5
Enigma

Michael
    $1000 13
a realm

Andrew
    $1,400 20
Diego Rivera & Frida Kahlo

Andrew
    $1000 28
The Strain

Triple Stumper

Scores at the first commercial break (after clue 15):

Andrew Amy Michael
$2,400 $2,200 $3,600

Scores at the end of the Jeopardy! Round:

Andrew Amy Michael
$6,000 $3,400 $7,200

Double Jeopardy! Round responses

IF I HAD A HAMMER
BEASTS IN THE BIBLE
FROM FILM TO STAGE
(Alex: In the next category, each correct response will contain the letter Q, but a...)
"Q" NOT FOLLOWED BY U
1816
A QUICK DIP IN THE LAKE
    $400 22
Hank Aaron

Michael
    $400 11
ravens

Michael
    $400 20
(Amy: What is Chicago?)

The Color Purple

Amy
Triple Stumper
    $400 1
Qantas

Michael
    $400 21
(Michael: What is sun?)

summer

AmyMichael
    $400 7
the Great Salt Lake

Amy
    $800 23
hammer & sickle

Michael
    $800 12
frogs

Amy
    $800 16
Bullets over Broadway

Michael
    $800 2
NASDAQ

Amy
    $800 27
(Michael: What is the Río de la Plat?)

the Río de la Plata

AndrewMichael
    $800 6
pearls

Amy
    $1200 24
Thor

Amy
    $1200 13
(Amy: Who is Abel?)
(Michael: Who is Cain?)
(Andrew: Who is Isaac?)

Jacob

AndrewAmyMichael
Triple Stumper
    $1200 17
Misery

Michael
    $1200 3
qi

Amy
    $1200 28
Rossini

Andrew
    $1200 8
Lake Ontario

Andrew
    $1600 25
Armand Hammer

Michael
    $2,000 14
snakes

Amy
    $1600 18
An American in Paris

Andrew
    $1600 4
burqa

Michael
    $1600 29
the African Methodist Episcopal Church

Triple Stumper
    $1600 9
Lake Tanganyika

Andrew
    $2000 26
a sledgehammer

Andrew
    $2000 15
Job

Michael
    $2000 19
American Psycho

Andrew
    $3,000 5
the Gulf of Aqaba

Michael
    $2000 30
Good Feelings

Triple Stumper
    $2000 10
Lake Ladoga

Andrew

Scores at the end of the Double Jeopardy! Round:

Andrew Amy Michael
$17,200 $9,400 $17,000

[wagering suggestions for these scores]

Final Jeopardy! Round responses

19th CENTURY BRITS
(Alex: Obviously swimming across a famous body of water.)
...
(Alex: [To Michael] Yes, Lord [*] swimming the Hellespont.)
...
(Alex: ...we come to Andrew, who's looking kind of self-satisfied. Isn't he? Did he come up with [*]? Oh, yes. What--what had you written before?)
(Andrew: I was starting with Shelley...)
(Alex: Ah, you picked the wr--)
(Andrew: ...'cause he drowned.)
(Alex: Yeah. Yes. But he wasn't swimming the Hellespont.)
AmyWho is Cook?
$9,150
MichaelWho is Lord Byron?
$3,000
AndrewWho is She Byron?
$16,801
Byron

Final scores:

Andrew Amy Michael
$34,001 $250 $20,000
6-day champion: $170,202 3rd place: $1,000 2nd place: $2,000

Game dynamics:

Coryat scores:

Andrew Amy Michael
$16,800 $9,000 $16,000
17 R
(including 1 DD),
1 W
15 R
(including 1 DD),
2 W
22 R
(including 1 DD),
3 W

Combined Coryat: $41,800

The J! Archive is created by fans, for fans. The Jeopardy! game show and all elements thereof, including but not limited to copyright and trademark thereto, are the property of Jeopardy Productions, Inc. and are protected under law. This website is not affiliated with, sponsored by, or operated by Jeopardy Productions, Inc. Join the discussion at JBoard.tv.